Statistics for 1980s Albums by Cover

Click here to take the quiz!

General Stats

  • This quiz has been taken 172 times
  • The average score is 12 of 20

Answer Stats

Answer% Correct
{Thriller} – {Michael} {Jackson}
99%
{Purple} {Rain} – {Prince} {and} {the} {Revolution}
95%
{Born} {in} {the} {U.S.A} – {Bruce} {Springsteen}
91%
{Appetite} {for} {Destruction} – {Guns} {n'} {Roses}
77%
{The} {Joshua} {Tree} – {U2}
77%
{Songs} {from} {the} {Big} {Chair} – {Tears} {for} {Fears}
71%
{Hounds} {of} {Love} – {Kate} {Bush}
69%
{Master} {of} {Puppets} – {Metallica}
69%
{No} {Jacket} {Required} – {Phil} {Collins}
65%
{Remain} {in} {Light} – {Talking} {Heads}
63%
{Toto} {IV} – {Toto}
58%
{Brothers} {in} {Arms} – {Dire} {Straits}
57%
{Synchronicity} – {The} {Police}
54%
{Janet} {Jackson's} {Rhythm} {Nation} {1814} – {Janet} {Jackson}
50%
{The} {Queen} {is} {Dead} – {The} {Smiths}
49%
{So} – {Peter} {Gabriel}
44%
{It} {Takes} {A} {Nation} {of} {Millions} {to} {Hold} {Us} {Back} – {Public} {Enemy}
43%
{Doolittle} – {Pixies}
40%
{Graceland} – {Paul} {Simon}
37%
{Moving} {Pictures} – {Rush}
28%

Score Distribution

Percentile by Number Answered

Percent of People with Each Score

Your Score History

You have not taken this quiz